Vista normal
Vista MARC
Entrada Materia (personas)
Número de registros utilizados en: 2
001 - CONTROL NUMBER
- control field: 89340
003 - CONTROL NUMBER IDENTIFIER
- control field: Co-BoUCM
005 - DATE AND TIME OF LATEST TRANSACTION
- control field: 20171123111816.0
008 - FIXED-LENGTH DATA ELEMENTS
- fixed length control field: 171123|| aca||aabn | a|a d
040 ## - CATALOGING SOURCE
- Original cataloging agency: Co-BoUCM
- Transcribing agency: Co-BoUCM
100 ## - HEADING--PERSONAL NAME
- Personal name: Gottlieb, Anthony
670 ## - SOURCE DATA FOUND
- Source citation: Work cat.: (Co-BoUCM): Gottlieb, Anthony, Socrates, 1997